Central Library OPAC University of Rajshahi

Assumptions of social psychology / (Record no. 33420)

MARC details
000 -LEADER
fixed length control field 00838nam a22002652a 4500
001 - CONTROL NUMBER
control field 33420
003 - CONTROL NUMBER IDENTIFIER
rucl marc code BD-RjUL
005 - DATE AND TIME OF LATEST TRANSACTION
control field 20211209052014.0
008 - FIXED-LENGTH DATA ELEMENTS--GENERAL INFORMATION
fixed length control field 140507s1969 nyu b 001 0 eng d
035 ## - SYSTEM CONTROL NUMBER
System control number (BD-RjUL)33511
040 ## - CATALOGING SOURCE
Original cataloging agency DLC
Transcribing agency DLC
Modifying agency BD-RjUL
Language of cataloging eng
041 ## - LANGUAGE CODE
Language code of text/sound track or separate title eng
082 00 - DEWEY DECIMAL CLASSIFICATION NUMBER
Classification number 301.15
Author mark and year LAA 1969
100 1# - MAIN ENTRY--PERSONAL NAME
Personal name Lana, Robert E.,
Dates associated with a name 1932-2006.
9 (RLIN) 101445
245 10 - TITLE STATEMENT
Title Assumptions of social psychology /
Statement of responsibility, etc. Robert E. Lana
260 ## - PUBLICATION, DISTRIBUTION, ETC. (IMPRINT)
Place of publication, distribution, etc. New York :
Name of publisher, distributor, etc. Appleton-Century-Crofts,
Date of publication, distribution, etc. c1969.
300 ## - PHYSICAL DESCRIPTION
Pagination xi, 179 p. ;
Size 21 cm
490 1# - SERIES STATEMENT
Series statement Century psychology series (Appleton-Century-Crofts, inc.)
504 ## - BIBLIOGRAPHY, ETC. NOTE
Bibliography, etc Bibliography: p. 169-173
Bibliography, etc Includes index.
650 #0 - SUBJECT ADDED ENTRY--TOPICAL TERM
Topical term or geographic name as entry element Social psychology.
9 (RLIN) 101446
830 #0 - SERIES ADDED ENTRY--UNIFORM TITLE
Uniform title Century psychology series (Appleton-Century-Crofts, inc.)
942 ## - ADDED ENTRY ELEMENTS (KOHA)
Source of classification or shelving scheme Dewey Decimal Classification
Koha item type Books
Holdings
Lost status Source of classification or shelving scheme Damaged status Not for loan Collection code Permanent Location Current Location Shelving location Date acquired Source of acquisition Cost, normal purchase price Total Checkouts Full call number Date last seen Copy number Koha item type
  Dewey Decimal Classification   Not For Loan Non-fiction Central Library, University of Rajshahi Central Library, University of Rajshahi Reading Room 06/08/1971 Zeitlinger 50.00   301.15 LAA 1969 07/05/2014 C-1 Books
  Dewey Decimal Classification     Non-fiction Central Library, University of Rajshahi Central Library, University of Rajshahi   06/08/1971 Zetlinger 50.00   301.15 LAA 1969 10/05/2014 C-2 Books